| 000 | 00871nam a2200265 a 4500 | ||
|---|---|---|---|
| 001 | 69586 | ||
| 003 | BD-RjUL | ||
| 005 | 20211209081914.0 | ||
| 008 | 170412s1984 nyu b 001 0 eng d | ||
| 020 | _a0471864528 | ||
| 035 | _a(BD-RjUL)69798 | ||
| 040 |
_aDLC _cDLC _dBD-RjUL _beng |
||
| 041 | _aeng | ||
| 082 | 0 | 0 |
_223 _a519.5 _bMAS 1984 |
| 100 | 1 |
_aMaindonald, J. H. _q(John Hilary), _d1937- _9206113 |
|
| 245 | 1 | 0 |
_aStatistical computation / _cJ.H. Maindonald. |
| 260 |
_aNew York : _bJohn Wiley & Sons, _cc1984. |
||
| 300 |
_axviii, 370 p. ; _c23 cm. |
||
| 504 | _aIncludes Bibliographies and indexes. | ||
| 650 | 0 |
_aMathematical statistics. _9206115 |
|
| 830 |
_aWiley series in probability and mathematical statistics. _9206118 |
||
| 942 |
_2ddc _cBK |
||
| 999 |
_c69586 _d69586 |
||